00553nam a2200145 i 450000100060000000300090000600500170001500700030003200800410003510000360007624502190011226000310033130000220036285200230038460221ES-MaACL20230906164200.0t|031103s1916 sp ||||1| spa d1 aEscribano y García, Víctor.10aDatos para la Historia de la Anatomía y Cirugía españolas en los siglos XVIII y XIX b: discurso leido en la inauguración del curso de 1916-1917 en la Universidad de Granada / cVictor Escribano y García. aGranada : b[s.n., c1916] a112 p. ; c29 cm. aES-MaACLj1536-F-6